000 00354 a2200133 4500
000 nam a22 7a 4500
100 _aAmresh Kumar
110 _aAmresh Kumar
245 _aComplete Book of Olympic Games (Olympics 1896-2020)
250 _aLatest edition
260 _bKhel Sahitya Kendra
_c2024
264 _bKhel Sahitya Kendra
_c2024
942 _cBK
999 _c394178
_d394178